| 000 | 01325nam a2200301 i 4500 | ||
|---|---|---|---|
| 001 | 184254 | ||
| 003 | ES-MaACL | ||
| 005 | 20240129115700.0 | ||
| 008 | 150601s2006 sp d |||| | spa d | ||
| 020 | _a84-451-2817-5 | ||
| 080 | _a35(460).072.3:316.654 | ||
| 080 | _a353.9(460.27):316.654 | ||
| 245 | 0 | 4 |
_aLas relaciones intergubernamentales de la Comunidad de Madrid _b: la visión de políticos y ciudadanos / _cEduardo López-Aranguren ... [et al.]. |
| 250 | _a1ª ed. | ||
| 260 |
_aMadrid : _bConsejo Económico y Social, _c2006. |
||
| 300 |
_a155 p. : _bgráf. ; _c23 cm. |
||
| 490 | 1 |
_aColección de estudios ; _v26 |
|
| 500 | _aAnexos: I. Guía para las entrevistas en profundidad - II. Cuestionario - III. Informe del campo - IV. Número de entrevistas por municipio. | ||
| 504 | _aReferencias bibliográficas. | ||
| 650 | 7 |
_aCooperación administrativa. _9156930 |
|
| 651 | 7 |
_aMadrid (Comunidad Autónoma)- _xAdministración- _xOpinión pública. _9156931 |
|
| 700 | 1 |
_aLópez Aranguren, Eduardo María. _973411 |
|
| 710 | 2 |
_aConsejo Económico y Social de la Comunidad de Madrid. _9156932 |
|
| 830 | 0 |
_aColección de estudios ; _v26 _9179478 |
|
| 852 |
_aES-MaACL _jA-11284 _9191239 _bR.145634 _cDEPO1 _dOlim: N-4288 |
||
| 942 |
_2udc _cMONOGRAFIA |
||
| 999 |
_c184254 _d184254 |
||